000 01011nam a2200253Ia 4500
003 OSt
005 20220923212517.0
006 a|||||r|||| 00| 0
007 ta
008 220922b |||||||| |||| 00| 0 hin d
024 _a153,644
037 _cTextual
040 _aARTS
_cARTS
_bhin
041 _2hin
_ahin
082 _aO152vN5, L3
100 _aजाघव, पंजाबराव रामराव
245 0 _aहिन्दी भाषा और साहित्य के अध्ययन में ईसाई मिशनरियों का योगदान
246 _aHindī bhāṣhā aur sāhitya ke adhyayan mean īsāī mishanariyoan kā yogadāna
260 _aपूना
_b कर्मवीर प्रकाशन
_c1973
300 _a367पृ.
_ccm.
650 _aहिन्दी साहित्य
_9156264
942 _hO152vN5, L3
_cTEXL
_2CC
999 _c309285
_d309285